000
00272nam a2200097Ia 4500
001
652777
005
20250826154445.0
008
250824s9999 xx 000 0 und d
245
0
_a
HASTALIK HASTASI ANTİK OKUL KLASİKLERİ
_c
MOLİERE
260
_b
ANTİK DÜNYA KLASİKLERİ
999
_c
652777
_d
652777